[Event "Barcelona Sant Marti op 21st"]
[Site "Barcelona"]
[Date "2019.07.15"]
[Round "3"]
[White "Maenhout, Thibaut"]
[Black "Bogachkova, Alena"]
[Result "1-0"]
[WhiteElo "2406"]
[BlackElo "2085"]
[PlyCount "105"]
[EventDate "2019.07.13"]
[EventType "swiss"]
[EventRounds "9"]
[EventCountry "ESP"]
[SourceTitle "EXT 2020"]
[Source "ChessBase"]
[SourceDate "2019.10.17"]
[SourceVersion "1"]
[SourceVersionDate "2019.10.17"]
[SourceQuality "1"]

1. e4 c5 2. Nf3 Nc6 3. Bb5 g6 4. Bxc6 dxc6 5. d3 Bg7 6. 0-0 Bg4 7. Nbd2 Nf6 8. Nc4 0-0 9. a4 Nd7 10. Ne3 Bxf3 11. Qxf3 e5 12. Qh3 Qe7 13. Bd2 Rfd8 14. Bc3 h5 15. f4 exf4 16. Rxf4 Ne5 17. Raf1 Rf8 18. Qg3 b6 19. Kh1 Rad8 20. b3 Rd7 21. h3 a5 22. Nc4 Rb7 23. Nxe5 Bxe5 24. Bxe5 Qxe5 25. Qf2 Kg7 26. Rf6 Rc7 27. Qh4 Re8 28. R6f3 Re6 29. Rg3 Rf6 30. Rxf6 Qxf6 31. Qxh5 Qf4 32. Rg4 Qc1+ 33. Kh2 Re7 34. Qh4 Re5 35. Qf2 g5 36. d4 cxd4 37. Qxd4 f6 38. Qd7+ Kg6 39. Qxc6 Qe3 40. Qc4 Rc5 41. Qg8+ Kh6 42. Qe6 Qd4 43. c4 Kg6 44. Qg8+ Kh6 45. Qh8+ Kg6 46. h4 Qd6+ 47. Kh3 Qd3+ 48. Kh2 Qd6+ 49. Rg3 Qf4 50. Qg8+ Kh6 51. h5 Qh4+ 52. Kg1 Qxh5 53. Rh3 1-0

[Event "NED-chT 1819"]
[Site "Netherlands"]
[Date "2019.04.13"]
[Round "8.1"]
[White "Maenhout, Thibaut"]
[Black "Berelowitsch, Alexander"]
[Result "1/2-1/2"]
[WhiteElo "2392"]
[BlackElo "2524"]
[PlyCount "109"]
[EventDate "2018.09.15"]
[EventType "team-tourn"]
[EventRounds "9"]
[EventCountry "NED"]
[SourceTitle "CBM 189 Extra"]
[Source "ChessBase"]
[SourceDate "2019.06.03"]
[SourceVersion "1"]
[SourceVersionDate "2019.06.03"]
[SourceQuality "1"]
[WhiteTeam "Sas van Gent"]
[BlackTeam "En Passant"]
[WhiteTeamCountry "NED"]
[BlackTeamCountry "NED"]

1. e4 e6 2. d4 d5 3. Nd2 c5 4. Ngf3 Nc6 5. exd5 exd5 6. Be2 Nf6 7. 0-0 Bd6 8. dxc5 Bxc5 9. Nb3 Bb6 10. Bg5 0-0 11. Qd2 h6 12. Bh4 Re8 13. Rad1 Bf5 14. Bd3 Be4 15. Bxe4 dxe4 16. Nfd4 Nxd4 17. Nxd4 Qe7 18. c4 Rad8 19. Qc3 Qd6 20. Bg3 Bxd4 21. Bxd6 Bxc3 22. bxc3 b6 23. c5 e3 24. fxe3 Ne4 25. c4 bxc5 26. Bc7 Rxd1 27. Rxd1 Re6 28. Rd8+ Kh7 29. Rd7 Kg6 30. h3 Ra6 31. Re7 Nd2 32. Bb8 Rxa2 33. Bxa7 Nxc4 34. Bxc5 h5 35. Bd4 Nd6 36. Ra7 Rxa7 37. Bxa7 Kf5 38. Kf2 Ke4 39. Bc5 Nc4 40. Ke2 g6 41. Bd4 g5 42. g4 hxg4 43. hxg4 Ne5 44. Bxe5 Kxe5 45. Kd3 Kd5 46. Kd2 Kc4 47. Kc2 Kd5 48. Kd2 Ke4 49. Ke2 f6 50. Kf2 Kd3 51. Kf3 Kc3 52. Kg3 Kc4 53. Kf2 Kb3 54. Kf3 Kc2 55. Kg2 1/2-1/2

[Event "BEL-chT 1819"]
[Site "Belgium"]
[Date "2018.10.28"]
[Round "3.3"]
[White "Maenhout, Thibaut"]
[Black "Hovhannisyan, Mher"]
[Result "1/2-1/2"]
[WhiteElo "2392"]
[BlackElo "2483"]
[PlyCount "48"]
[EventDate "2018.09.30"]
[EventType "team-tourn"]
[EventRounds "11"]
[EventCountry "BEL"]
[SourceTitle "CBM 187 Extra"]
[Source "ChessBase"]
[SourceDate "2018.11.04"]
[SourceVersion "1"]
[SourceVersionDate "2018.11.04"]
[SourceQuality "1"]
[WhiteTeam "KBSK Brugge"]
[BlackTeam "Liege Crelel"]
[WhiteTeamCountry "BEL"]
[BlackTeamCountry "BEL"]

1. e4 e6 2. d4 d5 3. Nd2 c5 4. Ngf3 Nc6 5. exd5 exd5 6. Be2 Nf6 7. 0-0 c4 8. b3 cxb3 9. axb3 Bd6 10. Bb2 0-0 11. Ne5 Re8 12. f4 Qb6 13. Kh1 Bf5 14. g4 Bc8 15. g5 Bxe5 16. fxe5 Nd7 17. Bd3 Nf8 18. c3 Bh3 19. Rg1 Be6 20. Qf3 Ne7 21. Ba3 Rac8 22. Bb4 a6 23. Nf1 Nfg6 24. Ne3 Nc6 1/2-1/2

[Event "BEL-chT 1819"]
[Site "Belgium"]
[Date "2018.10.07"]
[Round "2.5"]
[White "Bezemer, Arno J"]
[Black "Maenhout, Thibaut"]
[Result "0-1"]
[WhiteElo "2257"]
[BlackElo "2392"]
[PlyCount "38"]
[EventDate "2018.09.30"]
[EventType "team-tourn"]
[EventRounds "11"]
[EventCountry "BEL"]
[SourceTitle "CBM 186 Extra"]
[Source "ChessBase"]
[SourceDate "2018.08.24"]
[SourceVersion "1"]
[SourceVersionDate "2018.08.24"]
[SourceQuality "1"]
[WhiteTeam "Jean Jaures"]
[BlackTeam "KBSK Brugge"]
[WhiteTeamCountry "BEL"]
[BlackTeamCountry "BEL"]

1. e4 c5 2. Nf3 d6 3. d4 cxd4 4. Nxd4 Nf6 5. Nc3 a6 6. h3 e6 7. g4 Be7 8. g5 Nfd7 9. h4 b5 10. a3 Bb7 11. Be3 Nb6 12. Qd2 N8d7 13. 0-0-0 Rc8 14. f4 Nc5 15. Qg2 Nba4 16. Nde2 Qc7 17. Bxc5 Qxc5 18. Rh3 b4 19. axb4 Qxb4 0-1

[Event "BEL-chT 1819"]
[Site "Belgium"]
[Date "2018.09.30"]
[Round "1.4"]
[White "Haub, Thorsten Michael"]
[Black "Maenhout, Thibaut"]
[Result "1/2-1/2"]
[WhiteElo "2417"]
[BlackElo "2392"]
[PlyCount "58"]
[EventDate "2018.09.30"]
[EventType "team-tourn"]
[EventRounds "11"]
[EventCountry "BEL"]
[SourceTitle "CBM 186 Extra"]
[Source "ChessBase"]
[SourceDate "2018.08.24"]
[SourceVersion "1"]
[SourceVersionDate "2018.08.24"]
[SourceQuality "1"]
[WhiteTeam "Wirtzfeld"]
[BlackTeam "KBSK Brugge"]
[WhiteTeamCountry "BEL"]
[BlackTeamCountry "BEL"]

1. Nf3 c5 2. g3 Nc6 3. Bg2 g6 4. 0-0 Bg7 5. d3 e5 6. e4 Nge7 7. c3 0-0 8. Nh4 d6 9. f4 exf4 10. gxf4 f5 11. Nd2 Be6 12. Ndf3 Kh8 13. Kh1 Bg8 14. Qe1 c4 15. exf5 Nxf5 16. Nxf5 Rxf5 17. dxc4 Bxc4 18. Rg1 Qe7 19. Bd2 Qxe1 20. Rgxe1 Bh6 21. b3 Bg8 22. Rad1 d5 23. Ng5 Rd8 24. Be3 Bg7 25. Rd3 Re8 26. Red1 d4 27. Bxd4 Bxd4 28. cxd4 Nb4 29. R3d2 Bd5 1/2-1/2

[Event "BEL-chT 1718"]
[Site "Belgium"]
[Date "2018.04.22"]
[Round "10.4"]
[White "Maenhout, Thibaut"]
[Black "Coenen, Michael"]
[Result "1/2-1/2"]
[WhiteElo "2387"]
[BlackElo "2375"]
[PlyCount "65"]
[EventDate "2017.09.24"]
[EventType "team-tourn"]
[EventRounds "11"]
[EventCountry "BEL"]
[SourceTitle "EXT 2019"]
[Source "ChessBase"]
[SourceDate "2018.10.10"]
[SourceVersion "1"]
[SourceVersionDate "2018.10.10"]
[SourceQuality "1"]
[WhiteTeam "KBSK Brugge"]
[BlackTeam "KSK Rochade"]
[WhiteTeamCountry "BEL"]
[BlackTeamCountry "BEL"]

1. e4 e5 2. Nf3 Nf6 3. d4 Nxe4 4. Bd3 d5 5. Nxe5 Be7 6. 0-0 0-0 7. Nc3 Nxc3 8. bxc3 Nd7 9. Nxd7 Qxd7 10. Re1 Bd6 11. Qh5 g6 12. Qh6 Re8 13. Bg5 Bf8 14. Qh4 Rxe1+ 15. Rxe1 Qc6 16. Bf6 Bd7 17. f4 Re8 18. Rxe8 Bxe8 19. Be5 Bg7 20. Qd8 Bxe5 21. fxe5 Kf8 22. h3 Qxc3 23. Qxd5 Bc6 24. Qd8+ Kg7 25. Qf6+ Kg8 26. Qh4 Qd2 27. d5 Qe3+ 28. Kh1 Be8 29. Qe7 Qc1+ 30. Kh2 Qf4+ 31. Kh1 Qc1+ 32. Kh2 Qf4+ 33. Kh1 1/2-1/2

[Event "BEL-chT 1718"]
[Site "Belgium"]
[Date "2017.12.03"]
[Round "5.5"]
[White "Maenhout, Thibaut"]
[Black "Tan, Matthew"]
[Result "1-0"]
[WhiteElo "2387"]
[BlackElo "2442"]
[PlyCount "69"]
[EventDate "2017.09.24"]
[EventType "team-tourn"]
[EventRounds "11"]
[EventCountry "BEL"]
[SourceTitle "CBM 181 Extra"]
[Source "ChessBase"]
[SourceDate "2017.12.12"]
[SourceVersion "1"]
[SourceVersionDate "2017.12.12"]
[SourceQuality "1"]
[WhiteTeam "KBSK Brugge"]
[BlackTeam "Amay"]
[WhiteTeamCountry "BEL"]
[BlackTeamCountry "BEL"]

1. e4 e6 2. d4 d5 3. Nd2 Nf6 4. e5 Nfd7 5. c3 c5 6. Bd3 Nc6 7. Ngf3 g6 8. h4 h6 9. a3 a5 10. Nf1 c4 11. Bc2 b5 12. h5 g5 13. Ne3 Bb7 14. Nh2 Qc7 15. 0-0 0-0-0 16. Neg4 f5 17. exf6 Bd6 18. Re1 e5 19. Bf5 e4 20. Nf1 Kb8 21. Nfe3 Nb6 22. b3 Bf4 23. bxc4 dxc4 24. Bxe4 Nxd4 25. cxd4 Bxe4 26. Nxc4 Bxg2 27. Re7 Qxc4 28. Bxf4+ gxf4 29. Kxg2 Rxd4 30. Qf3 Nd5 31. Rae1 Rd3 32. Re8+ Rxe8 33. Rxe8+ Kc7 34. f7 Ne3+ 35. Rxe3 1-0

[Event "BEL-chT 1718"]
[Site "Belgium"]
[Date "2017.11.19"]
[Round "4.5"]
[White "Beukema, Jasper"]
[Black "Maenhout, Thibaut"]
[Result "0-1"]
[WhiteElo "2219"]
[BlackElo "2387"]
[PlyCount "72"]
[EventDate "2017.09.24"]
[EventType "team-tourn"]
[EventRounds "11"]
[EventCountry "BEL"]
[SourceTitle "EXT 2019"]
[Source "ChessBase"]
[SourceDate "2018.10.10"]
[SourceVersion "1"]
[SourceVersionDate "2018.10.10"]
[SourceQuality "1"]
[WhiteTeam "Brasschaat"]
[BlackTeam "KBSK Brugge"]
[WhiteTeamCountry "BEL"]
[BlackTeamCountry "BEL"]

1. d4 Nf6 2. Bf4 g6 3. e3 Bg7 4. Be2 0-0 5. h4 c5 6. h5 Qb6 7. hxg6 fxg6 8. Nc3 Nc6 9. Nb5 d6 10. c3 Be6 11. dxc5 Qxc5 12. Nc7 Bf7 13. Nxa8 Rxa8 14. Bf3 Ne5 15. Bxe5 Qxe5 16. Ne2 Qb5 17. Qc2 e5 18. g4 Rc8 19. g5 Nd5 20. Ng3 Nb4 21. Qd2 Nd3+ 22. Kf1 Nxb2+ 23. Kg2 Nc4 24. Qe2 d5 25. Rab1 Qa6 26. e4 d4 27. cxd4 exd4 28. Rhd1 b5 29. a4 Qxa4 30. Ra1 d3 31. Qf1 Qc2 32. Kh3 Bxa1 33. Rxa1 Be6+ 34. Kh2 Nd2 35. Qd1 Nxf3+ 36. Qxf3 Rf8 0-1

[Event "BEL-chT 1718"]
[Site "Belgium"]
[Date "2017.10.22"]
[Round "3.7"]
[White "Maenhout, Thibaut"]
[Black "Blom, Vincent"]
[Result "1/2-1/2"]
[WhiteElo "2387"]
[BlackElo "2228"]
[PlyCount "109"]
[EventDate "2017.09.24"]
[EventType "team-tourn"]
[EventRounds "11"]
[EventCountry "BEL"]
[SourceTitle "EXT 2019"]
[Source "ChessBase"]
[SourceDate "2018.10.10"]
[SourceVersion "1"]
[SourceVersionDate "2018.10.10"]
[SourceQuality "1"]
[WhiteTeam "KBSK Brugge"]
[BlackTeam "Wachtebeke"]
[WhiteTeamCountry "BEL"]
[BlackTeamCountry "BEL"]

1. e4 c6 2. d4 d5 3. Nd2 dxe4 4. Nxe4 Bf5 5. Ng3 Bg6 6. h4 h6 7. Nf3 e6 8. Ne5 Bh7 9. Bd3 Bxd3 10. Qxd3 Nd7 11. f4 Be7 12. Bd2 c5 13. 0-0-0 Nxe5 14. fxe5 Qxd4 15. Qb5+ Qd7 16. Qe2 Qa4 17. Kb1 0-0-0 18. Ne4 f5 19. Nc3 Qc6 20. h5 a6 21. g4 Rf8 22. Rhf1 Bd8 23. Ne4 Ne7 24. Nd6+ Kb8 25. c4 g5 26. hxg6 Nxg6 27. gxf5 exf5 28. Qh5 Ne7 29. Bf4 Bc7 30. Ka1 Ka7 31. Rg1 Nc8 32. Rg6 Bxd6 33. exd6 Qe4 34. Qh2 Qxc4 35. d7 Nb6 36. Rxh6 Rxh6 37. Qxh6 Nxd7 38. Rxd7 Rh8 39. Rxb7+ Kxb7 40. Qg7+ Kc6 41. Qc7+ Kd5 42. Qe5+ Kc6 43. Qc7+ Kd5 44. Qd6+ Ke4 45. Qe5+ Kf3 46. Qe3+ Kg2 47. Qg3+ Kh1 48. Qf3+ Kg1 49. Be3+ Kh2 50. Qf2+ Kh3 51. Qxf5+ Qg4 52. Qf1+ Qg2 53. Qf5+ Qg4 54. Qf1+ Qg2 55. Qf5+ 1/2-1/2

[Event "BEL-chT 1718"]
[Site "Belgium"]
[Date "2017.10.01"]
[Round "2.4"]
[White "Maenhout, Thibaut"]
[Black "Bosboom, Manuel"]
[Result "0-1"]
[WhiteElo "2387"]
[BlackElo "2405"]
[PlyCount "106"]
[EventDate "2017.09.24"]
[EventType "team-tourn"]
[EventRounds "11"]
[EventCountry "BEL"]
[SourceTitle "EXT 2019"]
[Source "ChessBase"]
[SourceDate "2018.10.10"]
[SourceVersion "1"]
[SourceVersionDate "2018.10.10"]
[SourceQuality "1"]
[WhiteTeam "KBSK Brugge"]
[BlackTeam "Liege Crelel"]
[WhiteTeamCountry "BEL"]
[BlackTeamCountry "BEL"]

1. e4 c5 2. c3 d6 3. d4 Nf6 4. dxc5 Nc6 5. cxd6 Nxe4 6. Bd3 Nxd6 7. Nf3 g6 8. 0-0 Bg7 9. Re1 0-0 10. Bf4 Re8 11. Ne5 Nxe5 12. Bxe5 Bxe5 13. Rxe5 Nc4 14. Rb5 Bf5 15. Be2 Qxd1+ 16. Bxd1 Red8 17. Na3 Nxa3 18. bxa3 b6 19. a4 Rac8 20. a5 Rd6 21. axb6 axb6 22. h4 Rxc3 23. h5 Kg7 24. hxg6 hxg6 25. a4 Bd7 26. Rb2 e5 27. Kf1 e4 28. Ke1 e3 29. fxe3 Rxe3+ 30. Kf2 Re4 31. Rab1 Bxa4 32. Bxa4 Rxa4 33. Kg3 Rd3+ 34. Kh2 Rh4+ 35. Kg1 Rg4 36. Rc1 b5 37. Rc7 Rd1+ 38. Kh2 Rd5 39. Rb7 Rgg5 40. Kh3 Rh5+ 41. Kg3 Rhe5 42. Kf3 Rc5 43. Kg3 g5 44. Kg4 Kg6 45. Rb6+ f6 46. Kg3 Red5 47. Kg4 Rd3 48. g3 Rcc3 49. Kh3 Rxg3+ 50. Kh2 Rh3+ 51. Kg1 Rcg3+ 52. Kf1 Rh1+ 53. Kf2 Rh2+ 0-1

[Event "BEL-chT 1617"]
[Site "Belgium"]
[Date "2017.04.30"]
[Round "11.6"]
[White "Maenhout, Thibaut"]
[Black "Van Vliet, Dennis"]
[Result "1-0"]
[WhiteElo "2392"]
[BlackElo "2082"]
[PlyCount "55"]
[EventDate "2016.10.02"]
[EventType "team-tourn"]
[EventRounds "11"]
[EventCountry "BEL"]
[SourceTitle "EXT 2018"]
[Source "ChessBase"]
[SourceDate "2017.10.13"]
[SourceVersion "1"]
[SourceVersionDate "2017.10.13"]
[SourceQuality "1"]
[WhiteTeam "KBSK Brugge"]
[BlackTeam "Wachtebeke"]
[WhiteTeamCountry "BEL"]
[BlackTeamCountry "BEL"]

1. c4 e5 2. Nc3 c5 3. g3 Nc6 4. Bg2 g6 5. a3 Bg7 6. b4 Nge7 7. bxc5 0-0 8. Rb1 Rb8 9. Nf3 f5 10. 0-0 a6 11. Nd5 d6 12. cxd6 Qxd6 13. d4 e4 14. Bf4 Qd8 15. Ne5 Nxe5 16. dxe5 Be6 17. Bg5 Bxd5 18. cxd5 Bxe5 19. f3 Qd6 20. Qb3 Kg7 21. fxe4 b5 22. Rbc1 b4 23. axb4 Rxb4 24. Qc2 Rb2 25. Qd3 Rfb8 26. Bf4 R2b4 27. Kh1 Rd4 28. Qxd4 1-0

[Event "BEL-chT 1617"]
[Site "Belgium"]
[Date "2017.03.12"]
[Round "9.4"]
[White "Maenhout, Thibaut"]
[Black "Van Haastert, Edwin"]
[Result "0-1"]
[WhiteElo "2392"]
[BlackElo "2449"]
[PlyCount "96"]
[EventDate "2016.10.02"]
[EventType "team-tourn"]
[EventRounds "11"]
[EventCountry "BEL"]
[SourceTitle "EXT 2018"]
[Source "ChessBase"]
[SourceDate "2017.10.13"]
[SourceVersion "1"]
[SourceVersionDate "2017.10.13"]
[SourceQuality "1"]
[WhiteTeam "KBSK Brugge"]
[BlackTeam "KGSRL"]
[WhiteTeamCountry "BEL"]
[BlackTeamCountry "BEL"]

1. c4 e5 2. Nc3 Nf6 3. Nf3 Nc6 4. e3 Bb4 5. Qc2 Bxc3 6. Qxc3 Qe7 7. Be2 0-0 8. 0-0 d5 9. d4 exd4 10. Nxd4 Nxd4 11. Qxd4 c5 12. Qh4 dxc4 13. Bxc4 Be6 14. Bd3 h6 15. e4 Rad8 16. Bc2 Rfe8 17. f4 Bc4 18. Re1 Bd3 19. Bxd3 Rxd3 20. e5 Nd5 21. Qf2 Qc7 22. Bd2 c4 23. Re2 b5 24. Rae1 Qb6 25. f5 Qxf2+ 26. Kxf2 b4 27. g4 a5 28. e6 fxe6 29. fxe6 a4 30. Bc1 c3 31. Re4 cxb2 32. Bxb2 Rd2+ 33. R1e2 Rxe2+ 34. Kxe2 Rxe6 35. Rxe6 Nf4+ 36. Ke3 Nxe6 37. Kd3 b3 38. axb3 axb3 39. Bc1 Kf7 40. h4 Nf8 41. Kc3 Nd7 42. Kxb3 Ne5 43. Kc3 Nxg4 44. Kd4 Kg6 45. Kd5 Kh5 46. Bb2 g6 47. Ke6 Kxh4 48. Kf7 Kg5 0-1